Beyond the boundaries (Record no. 74798)
[ view plain ]
| 000 -LEADER | |
|---|---|
| fixed length control field | 01340cab a2200229 4500 |
| 001 - CONTROL NUMBER | |
| control field | ABS68719 |
| 008 - FIXED-LENGTH DATA ELEMENTS--GENERAL INFORMATION | |
| fixed length control field | 050215n2005 000 0 eng u |
| 035 ## - SYSTEM CONTROL NUMBER | |
| System control number | (Sirsi) u128804 |
| 100 ## - MAIN ENTRY--PERSONAL NAME | |
| Personal name | Thurstain-Goodwin, M. |
| 245 ## - TITLE STATEMENT | |
| Title | Beyond the boundaries |
| 260 ## - PUBLICATION, DISTRIBUTION, ETC. | |
| Date of publication, distribution, etc. | 2005 |
| 490 ## - SERIES STATEMENT | |
| Series statement | GIS Professional |
| Volume/sequential designation | (2) January/February 2005, 28-29(2) |
| 520 ## - SUMMARY, ETC. | |
| Summary, etc. | Explains how GIS technology enables our understanding of town centres to move beyond their boundaries towards a true sense of place. GIS has helped major retailers plan out of town supermalls such as Bluewater and provided insights into their impacts on the urban economy. Gives an overview of post-war retail development up to PPG6, which succeeded in protecting town centre retail activity from the adverse effects of out of town development - the doughnut effect. Describes the ODPM's town centre programme undertaken to collect statistics on town centres and the wider retail economy, where GIS modelling was used rather than undertaking a new census. GIS is shifting from defining town centres to helping describe them. |
| 590 ## - LOCAL NOTE (RLIN) | |
| Local note | ABS |
| 650 ## - SUBJECT ADDED ENTRY--TOPICAL TERM | |
| Topical term or geographic name entry element | GIS |
| 650 ## - SUBJECT ADDED ENTRY--TOPICAL TERM | |
| Topical term or geographic name entry element | TOWN CENTRES |
| 650 ## - SUBJECT ADDED ENTRY--TOPICAL TERM | |
| Topical term or geographic name entry element | SHOPPING CENTRE DEVELOPMENT |
| 650 ## - SUBJECT ADDED ENTRY--TOPICAL TERM | |
| Topical term or geographic name entry element | PLANNING POLICY GUIDANCE NOTE SIX |
| 650 ## - SUBJECT ADDED ENTRY--TOPICAL TERM | |
| Topical term or geographic name entry element | URBAN GROWTH |
| 690 ## - LOCAL SUBJECT ADDED ENTRY--TOPICAL TERM (OCLC, RLIN) | |
| Topical term or geographic name as entry element | PROPERTY-COMMERCIAL PROPERTY-RETAIL PROPERTY |
| 942 ## - ADDED ENTRY ELEMENTS (KOHA) | |
| Suppress in OPAC | 0 |
| Withdrawn status | Lost status | Source of classification or shelving scheme | Damaged status | Not for loan | Home library | Current library | Shelving location | Date acquired | Total Checkouts | Full call number | Barcode | Date last seen | Copy number | Price effective from | Koha item type |
|---|---|---|---|---|---|---|---|---|---|---|---|---|---|---|---|
| Dewey Decimal Classification | London | London | Journals | 15/02/2005 | ABS68719 | 128804-1001 | 06/08/2019 | 1 | 06/08/2019 | Journal article |